000 00259nam a2200121Ia 4500
100 _aYellow Back Series
942 _cBK
654 _atools
245 _aMachine Tools & Processes For Engineers
260 _bnone
_c2001
300 _a123
546 _aENGLISH
999 _c20888
_d20888